Zwyczaje w Lubecku

Titel: Zwyczaje w Lubecku
Verfasser:
In: Szkice lublinieckie, Band 3 (1992), Seite 147-151
alle Artikel anzeigen
Veröffentlicht: 1992
Format: Aufsatz
Sprache: Polnisch
Kein Bild verfügbar
X
alg: 39467379
001A    $01999:12-11-16 
001B    $01999:01-06-17 $t17:59:26.000 
001D    $01999:12-11-16 
001U    $0utf8 
001X    $00 
002@    $0Aox 
003@    $0394673794 
007A    $0394673794 $aHEB 
007T    $0Herdww000733 
010@    $apol 
011@    $a1992 
021A    $aZwyczaje w Lubecku 
028A    $aSukała $dKrystyna 
031A    $d3 $h147-151 $j1992 
039B    $aIn $8--Abvc--. Szkice lublinieckie. - Lubliniec, 1986-. - ISSN 0860-3685 $x199200000030000853 $9182896552 

lok: 39467379 78

exp: 39467379 78 1 #EPN
201B/01 $018-11-16 $t12:22:14.000 
201U/01 $0utf8 
203@/01 $0790784297 
208@/01 $a12-11-16 $be 
209A/01 $a/ $f000 $x00 
220C/01 $aTitelaufnehmer: EW 
220C/01 $aHerkunft: IH UWr 
244Z/01 $2Trx $#Silesia $#Śląsk $#Sliezsko $#Slezsko $8--Trx--Schlesien $x01 $9391173987 
244Z/01 $2Trx $#Lubetzko Lublinitz $8--Trx--Lubecko$gLubliniec $x02 $9391231030 
244Z/01 $2Trx $#kombestik $#papročiai $#Traditions $#hagyomány $#obrzędy i zwyczaje ludowe $#zvyky ľudové $#zvyky lidové $#Sitten und Bräuche $#obrady $8--Trx--Brauchtum $x03 $9391369725 
244Z/01 $2Trx $#etnograafia üldine $#etnografija bendras $#ethnography general $#néprajz általános $#etnografia ogólnie $#etnografia všeobecne $#etnografie všeobecně $#Ethnographie $#kultura ludowa $#národopis $#národopis $#kultura lidová $8--Trx--Volkskunde$gallgemein $x04 $9391362054 
244Z/01 $2Trx $8--Trx--Zeitschriftenaufsatz $x05 $9391384341 
247C/01 $82080>Marburg/Lahn, Herder-Institut, Forschungsbibliothek, Bibliographieportal $9336309341
LEADER 00000caa a22000002c 4500
001 394673794
003 DE-603
005 20170601175926.0
007 tu
008 161112s1992 xx |||| | u00||u|pol c
035 |a (DE-599)HEB394673794 
040 |a DE-603  |b ger  |c DE-603  |d DE-603 
041 |a pol 
100 1 |a Sukała, Krystyna 
245 0 0 |a Zwyczaje w Lubecku 
264 0 |c 1992 
773 0 8 |i In  |t Szkice lublinieckie  |d Lubliniec, 1986-  |x 0860-3685  |g Band 3 (1992), Seite 147-151  |w (DE-603)182896552  |w (DE-600)2259923-X 
924 0 |9 2080  |a (DE-603)790784297  |b DE-2080  |c HES  |d d  |g /